Die Polizeiauffälligkeit der Jugendlichen in Hamburger Heimen

Guardado en:  
Detalles Bibliográficos
Autor principal: Krüger, Uta (Autor)
Tipo de documento: Print Artículo
Lenguaje:Alemán
Publicado: 1985
En: Kriminalistik
Año: 1985, Volumen: 39, Número: 4, Páginas: 215-218
Verificar disponibilidad: HBZ Gateway
Palabras clave:

MARC

LEADER 00000caa a2200000 c 4500
001 1640909168
003 DE-627
005 20220608132849.0
007 tu
008 141027s1985 xx ||||| 00| ||ger c
035 |a (DE-627)1640909168 
035 |a (DE-576)416127207 
035 |a (DE-599)BSZ416127207 
040 |a DE-627  |b ger  |c DE-627  |e rakwb 
041 |a ger 
100 1 |a Krüger, Uta  |4 aut 
245 1 4 |a Die Polizeiauffälligkeit der Jugendlichen in Hamburger Heimen  |c Uta Krüger 
264 1 |c 1985 
336 |a Text  |b txt  |2 rdacontent 
337 |a ohne Hilfsmittel zu benutzen  |b n  |2 rdamedia 
338 |a Band  |b nc  |2 rdacarrier 
773 0 8 |i In  |t Kriminalistik  |d Heidelberg : C.F. Müller GmbH, Kriminalistik, 1949  |g 39(1985), 4, Seite 215-218  |w (DE-627)129489522  |w (DE-600)205902-2  |w (DE-576)014883163  |x 0023-4699  |7 nnas 
773 1 8 |g volume:39  |g year:1985  |g number:4  |g pages:215-218 
951 |a AR 
ELC |b 1 
LOK |0 000 xxxxxcx a22 zn 4500 
LOK |0 001 3303178208 
LOK |0 003 DE-627 
LOK |0 004 1640909168 
LOK |0 005 20251001123632 
LOK |0 008 141027||||||||||||||||ger||||||| 
LOK |0 040   |a DE-21-110  |c DE-627  |d DE-21-110 
LOK |0 689   |a s  |a Heimjugendliche 
LOK |0 689   |a s  |a Delinquenz 
LOK |0 852   |a DE-21-110 
LOK |0 852 1  |m p  |9 00 
LOK |0 935   |a k110 
LOK |0 938   |k p 
LOK |0 939   |a 27-10-14  |b l01 
ORI |a SA-MARC-krimdoka001.raw